| 000 | 00420nab a2200145Ia 4500 | ||
|---|---|---|---|
| 003 | ES-SlBCS | ||
| 005 | 20210601125318.0 | ||
| 008 | 140529s1984 xxu||||| |||| 00| 0 eng d | ||
| 041 | _aeng | ||
| 100 | 1 |
_aLewis, Hywel D. _9151218 |
|
| 245 | 0 | 0 |
_aPunishment and Responsability _c Hywel D. Lewis |
| 650 | 0 | 4 |
_aCastigo _9132594 |
| 773 | 0 |
_tPresença Filosofica _gvol. 10, nº. 3-4, 1984, págs. 157-165 _wRev966 |
|
| 942 | _cAR | ||
| 999 |
_c528274 _d528274 |
||